| 000 | 00895nas a2200301 4500 | ||
|---|---|---|---|
| 001 | BR2015003353 | ||
| 003 | BR-BrBNA | ||
| 005 | 20231205125412.0 | ||
| 007 | ta | ||
| 008 | 230509b bl.|||p| |||| 00| 00por d | ||
| 040 |
_aBR-BrBNA _bpor _cBiblioteca Nacional de Agricultura |
||
| 041 | _a(En) | ||
| 072 | _aF30 | ||
| 100 | 1 | _aAssunção, A. | |
| 100 | 1 | _aBrasil, E.M. | |
| 100 | 1 | _aOliveira, J.P. de | |
| 100 | 1 | _aReis, A.J. dos S. | |
| 100 | 1 | _aPereira, A.F. | |
| 100 | 1 | _aBueno, L.G. | |
| 100 | 1 | _aRamos, M.R. | |
| 245 | 1 | _aHeterosis performance in industrial and yield components of sweet corn | |
| 650 | _aMILHO DOCE | ||
| 650 | _aRENDIMENTO | ||
| 650 | _aVIGOR HÍBRIDO | ||
| 773 | 0 |
_tCrop Breeding and Applied Biotechnology (Brazil) _xISSN 1518-7853 _g(Sept 2010), v. 10(3) p. 183-188 _wBR2015003353 |
|
| 909 |
_a202311 _bLúcia _c55 _dLúcia Elande |
||
| 942 |
_2AGRIS _n0 _cANA |
||
| 999 |
_c244195 _d244195 |
||